ბათუმის შოთა რუსთაველის სახელმწიფო უნივერსიტეტის ბიბლიოთეკა

404 რობაი 4 ენაზე სპარსულად, ქართულად, რუსულად, ინგლისურად : (ბიბ.ჩანაწერი № 55263)

000 -ლიდერი
ფიქსირებული სიგრძის საკონტროლო ველი 01347nam a2200229Ia 4500
001 - საკონტროლო ნომერი
საკონტროლო ველი 22339
003 - საკონტროლო ნომრის იდენტიფიკატორი
საკონტროლო ველი GE_BSU
005 - ბოლო ოპერაციის თარიღი და დრო
საკონტროლო ველი 20230310152644.0
008 - ფიქსირებული სიგრძის მონაცემთა ელემენტები - ზოგადი ინფორმაცია
ფიქსირებული სიგრძის საკონტროლო ველი 181216s2014||||ge |||||||||||||| ||geo||
020 ## - წიგნის საერთაშორისო სტანდარტული ნომერი
International Standard Book Number 978-9941-427-81-7
040 ## - კატალოგიზაციის წყარო
Transcribing agency GE_BSU
041 ## - ენის კოდი
Language code of text/sound track or separate title geo
080 ## - უნივერსალური ათობითი კლასიფიკაციის ინდექსი
Universal Decimal Classification number 821.222.1-1 ო-46
100 ## - მთავარი ჩანაწერი - პიროვნების სახელი
Personal name ომარ ხაიამი
9 (RLIN) 17167
245 ## - ცნობა სათაურის შესახებ
Title 404 რობაი 4 ენაზე სპარსულად, ქართულად, რუსულად, ინგლისურად :
Remainder of title მოცემული რობაიებისთვის შედგენილი სპარსულ-ქართული ლექსიკონი /
Statement of responsibility, etc ომარ ხაიამი ; წიგნი მოამზადა, რობაიები თარგმნა და ლექსიკონი შეადგინა ალექსანდრე ელერდაშვილმა.
264 ## - წარმოების, გამოცემის, დისტრიბუციის და სხვა ცნობები
გამოცემის, წარმოების, დისტრიბუციის... ადგილი თბილისი :
გამოცემის, წარმოების, დისტრიბუციის... სახელწოდება საარი,
გამოცემის, წარმოების, დისტრიბუციის... თარიღი 2014.
300 ## - ფიზიკური აღწერა
Extent 136 გვ. :
Other physical details ილ. ;
Dimensions 27 სმ.
490 ## - სერიის ცნობა
Series statement მთარგმნელის ბიბლიოთეკა
Volume number/sequential designation N 3
653 ## - INDEX TERM--UNCONTROLLED
Uncontrolled term 404 რობაი 4 ენაზე : სპარსულად, ქართულად, რუსულად, ინგლისურად
942 ## - ADDED ENTRY ELEMENTS (KOHA)
Koha item type წიგნი
Source of classification or shelving scheme
ეგზემპლარები
ჩამოწერის სტატუსი დაკარგული ეგზემპლარის სტატუსი კლასიფიკაციის წყარო ან თაროზე გაწყობის სქემა დაზიანების სტატუსი არ გაიცემა მუდმივი მდებარეობა (დაცვის ადგილი) ამჟამინდელი ადგილსამყოფელი თაროზე განთავსების ადგილი შეძენის თარიღი ღირებულება, შესყიდვის ნორმალური ფასი სრული შენახვის შიფრი შტრიხკოდი ბოლო ოპერაციის თარიღი ეგზემპლარის მიმდევრობითი ნომერი (კეტერი?) ფასის ძალაში შესვლის თარიღი ეგზემპლარის სახეობა საჯარო შენიშვნა
          ბათუმის შოთა რუსთაველის სახელმწიფო უნივერსიტეტის მთავარი ბიბლიოთეკა ბათუმის შოთა რუსთაველის სახელმწიფო უნივერსიტეტის მთავარი ბიბლიოთეკა წიგნსაცავი 2018-12-17 9.00 821.222.1-1 ო-46 57567 2018-12-17 57567 2018-12-17 წიგნი 9.00 ₾.
          ბათუმის შოთა რუსთაველის სახელმწიფო უნივერსიტეტის მთავარი ბიბლიოთეკა ბათუმის შოთა რუსთაველის სახელმწიფო უნივერსიტეტის მთავარი ბიბლიოთეკა წიგნსაცავი 2018-12-17 9.00 821.222.1-1 ო-46 57568 2018-12-17 57568 2018-12-17 წიგნი 9.00 ₾.